Psychology and the problems of today (Record no. 55221)

MARC details
000 -LEADER
fixed length control field 00543nam a2200145 a 4500
008 - FIXED-LENGTH DATA ELEMENTS--GENERAL INFORMATION
fixed length control field 120416s1978 ||||||||||||||||| || u
050 ## - LIBRARY OF CONGRESS CALL NUMBER
Classification number BF 121 Psy
100 ## - MAIN ENTRY--PERSONAL NAME
Personal name Rappoport, Leon
245 10 - TITLE STATEMENT
Title Psychology and the problems of today
Statement of responsibility, etc. edited by Michael Wertheimer
260 ## - PUBLICATION, DISTRIBUTION, ETC.
Place of publication, distribution, etc. Glenview, Ill.
Name of publisher, distributor, etc. Scott, Foresman
Date of publication, distribution, etc. 1978
300 ## - PHYSICAL DESCRIPTION
Extent iv, 439p. : ill.
350 ## - PRICE (NR) (BK AM CF MU VM SE) [OBSOLETE]
Price 0.00
700 ## - ADDED ENTRY--PERSONAL NAME
Personal name Wertheimer, Michael
995 ## - RECOMMENDATION 995 [LOCAL, UNIMARC FRANCE]
-- 0.00
-- CBU-MAIN LIBRARY (Kitwe)
-- 1
-- 0.00
-- DAMAGED
-- Main Library Open Access Collection
Holdings
Withdrawn status Lost status Source of classification or shelving scheme Damaged status Not for loan Home library Current library Shelving location Date acquired Total Checkouts Full call number Barcode Date last seen Price effective from Koha item type
          CBU-MAIN LIBRARY, KITWE. CBU-MAIN LIBRARY, KITWE.   11/30/2022   BF 121 Psy 000955 11/30/2022 11/30/2022 MONOGRAPH